Detalles MARC
| 000 -LEADER |
| fixed length control field |
01584 am a2200469 a 4500 |
| 005 - FECHA ULTIMA MODIFICACION |
| control field |
20240517110519.0 |
| 008 - CAMPO DE CONTROL (LIBRO) |
| fixed length control field |
100506s1997||||ag a f |||| 001 0 spa d |
| 020 ## - INTERNATIONAL STANDARD BOOK NUMBER |
| ISBN |
9504370381 |
| 041 ## - CODIGO DE IDIOMA |
| Código de idioma del texto/pista de sonido o título separado |
spa |
| 092 ## - SIGNATURA TOPOGRAFICA DEWEY LOCAL |
| número de clasificación |
612.2 |
| libristica |
25 |
| sección |
FIS |
| 245 ## - TITULO PROPIAMENTE DICHO |
| Título |
Fisiología respiratoria / |
| Mención de responsabilidad y remanente de la transcripción de la portada |
Ignacio J. de la Riva. |
| 250 ## - MENCION DE EDICION |
| Mención de edición |
2a ed. |
| 260 ## - PIE DE IMPRENTA |
| Lugar de publicación, distribución, etc |
Buenos Aires: |
| Nombre de la editorial, distribuidor, etc |
S/N; |
| Fecha de publicación |
1997. |
| 300 ## - DESCRIPCION FISICA |
| Extension |
177 p. |
| 500 ## - NOTA GENERAL |
| Nota general |
De la Riva, I. J. et al. (1997). Fisiología respiratoria. (2a ed.). Buenos Aires : S/N. |
| 590 ## - NOTAS LOCALES (RLIN) |
| Nota local |
Donación Cecilia Fontana, 2007 |
| 653 ## - TÉRMINO INDIZADO - PALABRAS CLAVES |
| Palabra clave |
Fisiología respiratoria |
| 653 ## - TÉRMINO INDIZADO - PALABRAS CLAVES |
| Palabra clave |
Relación entre estructura y función del aparato respiratorio |
| 653 ## - TÉRMINO INDIZADO - PALABRAS CLAVES |
| Palabra clave |
Oxígeno |
| 653 ## - TÉRMINO INDIZADO - PALABRAS CLAVES |
| Palabra clave |
Ventilación pulmonar y alveolar |
| 653 ## - TÉRMINO INDIZADO - PALABRAS CLAVES |
| Palabra clave |
Relación toraco-pulmonar estática |
| 653 ## - TÉRMINO INDIZADO - PALABRAS CLAVES |
| Palabra clave |
Relación toraco-pulmonar dinámica |
| 653 ## - TÉRMINO INDIZADO - PALABRAS CLAVES |
| Palabra clave |
Evaluación funacional de las vías aéreas |
| 653 ## - TÉRMINO INDIZADO - PALABRAS CLAVES |
| Palabra clave |
Difusión de las membranas |
| 653 ## - TÉRMINO INDIZADO - PALABRAS CLAVES |
| Palabra clave |
Transporte de gases por la sangre |
| 653 ## - TÉRMINO INDIZADO - PALABRAS CLAVES |
| Palabra clave |
Circulación pulmonar |
| 653 ## - TÉRMINO INDIZADO - PALABRAS CLAVES |
| Palabra clave |
Relación ventilación/perfusión |
| 653 ## - TÉRMINO INDIZADO - PALABRAS CLAVES |
| Palabra clave |
Control de la respiración |
| 653 ## - TÉRMINO INDIZADO - PALABRAS CLAVES |
| Palabra clave |
Integración fisiología en la altura |
| 653 ## - TÉRMINO INDIZADO - PALABRAS CLAVES |
| Palabra clave |
Fisiología de la hiperbaria, buceo |
| 653 ## - TÉRMINO INDIZADO - PALABRAS CLAVES |
| Palabra clave |
Relación del tono bronquial |
| 700 1# - ENTRADAS SECUNDARIAS - NOMBRE PERSONAL |
| Nombre personal |
González B. de Quiros, Fernan. |
| 9 (RLIN) |
221 |
| 700 1# - ENTRADAS SECUNDARIAS - NOMBRE PERSONAL |
| Nombre personal |
De la Riva, Ignacio J. |
| 9 (RLIN) |
1223 |
| 700 1# - ENTRADAS SECUNDARIAS - NOMBRE PERSONAL |
| Nombre personal |
Reyes Toso, Carlos F. |
| 9 (RLIN) |
222 |
| 700 1# - ENTRADAS SECUNDARIAS - NOMBRE PERSONAL |
| Nombre personal |
Planells, Fernando M. |
| 9 (RLIN) |
223 |
| 700 1# - ENTRADAS SECUNDARIAS - NOMBRE PERSONAL |
| Nombre personal |
Vega, Gustavo W. |
| 9 (RLIN) |
224 |
| 930 ## - NUMERO DE INVENTARIO |
| Número de inventario |
1811 |
| 930 ## - NUMERO DE INVENTARIO |
| Número de inventario |
1697 |
| 930 ## - NUMERO DE INVENTARIO |
| Número de inventario |
244 |
| 930 ## - NUMERO DE INVENTARIO |
| Número de inventario |
670 |
| 942 ## - ADDED ENTRY ELEMENTS (KOHA) |
| Source of classification or shelving scheme |
Dewey Decimal Classification |
| Item type |
Libros |